|
|
|
|
| LEADER |
00000nam a22000005a 4500 |
| 001 |
vtls008987361 |
| 003 |
SK-MaSNL |
| 005 |
20260302021235.0 |
| 008 |
070509s2005 xo o gdc 000 0 slo |
| 015 |
|
|
|a SNBE2008/01-00231
|
| 020 |
|
|
|a 8070910348 (brož.)
|
| 040 |
|
|
|a SNK
|b slo
|c SNK
|e AACR2
|
| 041 |
0 |
|
|a slo
|
| 043 |
|
|
|a e-xo---
|
| 044 |
|
|
|a xo
|c SK
|
| 072 |
|
7 |
|a 77
|x Fotografia. Fotografické postupy
|2 konspekt
|
| 080 |
|
|
|a 7.04
|2 2001
|
| 080 |
|
|
|a 77.03.08-027.562
|2 2001
|
| 080 |
|
|
|a 77.092
|2 2001
|
| 080 |
|
|
|a (437.6)
|2 2001
|
| 080 |
|
|
|a (083.824)
|2 2001
|
| 111 |
2 |
|
|a AMFO a DIAFOTO
|n (9.:
|d 2005 :
|c Skalica, Slovensko)
|9 665251
|
| 245 |
1 |
0 |
|a Amfo a diafoto 2005
|b 9. ročník súťažnej výstavy neprofesionálnej fotografickej tvorby Trnavského kraja : 10. júna - 10. júla 2005, Záhorské múzeum Skalica
|
| 250 |
|
|
|a [1. vyd.]
|
| 260 |
|
|
|a Senica
|b Záhorské osvetové stredisko
|c 2005
|
| 300 |
|
|
|a 23 s.
|b čiernobiele fotogr.
|c 21 cm
|
| 500 |
|
|
|a Zozn. vystav. autorov a zozn. reprodukcií
|
| 611 |
2 |
7 |
|a AMFO a DIAFOTO
|n (9.:
|d 2005 :
|c Skalica, Slovensko)
|2 SNKKA
|9 665251
|
| 648 |
|
7 |
|a 2005
|2 SNKPH
|9 305506
|
| 650 |
0 |
7 |
|a umelecká fotografia
|2 SNKPH
|9 29370
|
| 650 |
0 |
7 |
|a amatérska fotografia
|2 SNKPH
|9 72795
|
| 651 |
|
7 |
|a Trnavský samosprávny kraj (Slovensko)
|2 SNKPH
|9 146023
|
| 655 |
|
7 |
|a katalógy výstav
|2 SNKPH
|9 70445
|
| 919 |
|
|
|a 80-7091-034-8
|
| 999 |
|
|
|c 1028021
|d 1029951
|
| 952 |
|
|
|a SNK
|b SNK
|y PREZ
|7 0
|p 17A0550347
|o snkOSC 23918
|i snk2007/12081
|8 0
|0 0
|1 0
|4 0
|d 2007-05-09
|l 0
|r 2026-02-24 13:45:17
|w 2026-02-24
|
| 952 |
|
|
|a SNK
|b SNK
|y VYP
|7 0
|p 17A0550346
|o snkOSC 23918 D1
|i snk2007/12082
|8 0
|0 0
|1 0
|4 0
|d 2007-05-09
|l 0
|r 2026-02-24 13:45:17
|w 2026-02-24
|